000 00489nam a2200193Ia 4500
003 OSt
005 20221007082704.0
006 a|||||r|||| 00| 0
007 ta
008 221006b |||||||| |||| 00| 0 eng d
024 _a23,190
037 _cDissertations
040 _aFLL
_cFLL
_beng
041 _2eng
_aeng
100 _aPande Nirupendra
_9699250
245 0 _aLaw of collective bargaining in India
942 _cDIS
_2CC
999 _c1167390
_d1167390